| 000 | 00759nam a22002297a 4500 | ||
|---|---|---|---|
| 005 | 20170124103134.0 | ||
| 010 | _aA-672008 | ||
| 020 | _c00.00 | ||
| 035 | _aA-672008 | ||
| 037 | _bCen Lib/Ret | ||
| 040 |
_aDPL _bHN |
||
| 082 |
_aउ _bएएडर |
||
| 100 |
_aएएडरसन एच.के. _984934 |
||
| 245 |
_aबर्फ की रानी / _cएएडरसन एच.के. |
||
| 246 |
_aBarf ki rani _bby Aadarsan H.K. |
||
| 300 |
_a78पृष्ठ. _c17सेमी(सजिल्द) |
||
| 650 |
_aहिंदी साहित्य _984935 |
||
| 650 |
_aहिंदी उपन्यास _984936 |
||
| 650 |
_aHindi literature _984937 |
||
| 650 |
_aHindi novel _984938 |
||
| 942 |
_2ddc _cHN _hउ _mएएडर |
||
| 999 |
_c119445 _d119445 |
||